|
|
|
|
| LEADER |
00000nam0a2200000 4500 |
| 001 |
303476 |
| 005 |
20231102001615.0 |
| 010 |
|
|
|b 200 экз.
|
| 035 |
|
|
|a (RuTPU)RU\TPU\book\328699
|
| 090 |
|
|
|a 303476
|
| 100 |
|
|
|a 20150902d1951 m y0rusy50 ca
|
| 101 |
0 |
|
|a rus
|
| 102 |
|
|
|a RU
|
| 105 |
|
|
|a a z 000zy
|
| 200 |
1 |
|
|a Пособие по производственному обучению студентов энергомашиностроительного факультета в турбинном цехе ТЭЦ МЭИ
|f Московский ордена Ленина энергетический институт имени В. М. Молотова ; под общей ред. Н. К. Бодашкова
|
| 210 |
|
|
|a Москва
|c Типо-литография МЭИ
|d 1951
|
| 215 |
|
|
|a 144 с., [1] вкл. л.
|c ил.
|
| 300 |
|
|
|a На правах рукописи
|
| 316 |
|
|
|5 63413507: М-133743
|a На обложке и титульном листе владельческая подпись: "Бутаков"
|
| 317 |
|
|
|5 63413507: М-133743
|a Поступила в НТБ в 1970 г. в составе книжного собрания профессора ТПИ И. Н. Бутакова
|
| 606 |
1 |
|
|a Теплоподготовительные станции
|2 stltpush
|3 (RuTPU)RU\TPU\subj\59792
|9 77290
|
| 610 |
1 |
|
|a методические пособия
|
| 610 |
1 |
|
|a производственное обучение
|
| 610 |
1 |
|
|a ТЭЦ
|
| 610 |
1 |
|
|a владельческая надпись
|
| 610 |
1 |
|
|a библиотека И. Н. Бутакова
|
| 675 |
|
|
|a 621.186.2(076.5)
|v 4
|
| 702 |
|
1 |
|a Бодашков
|b Н. К.
|4 340
|
| 712 |
0 |
2 |
|a Московский энергетический институт (МЭИ)
|c (1930-1992)
|2 stltpush
|3 (RuTPU)RU\TPU\col\20092
|
| 801 |
|
1 |
|a RU
|b 63413507
|c 20150902
|
| 801 |
|
2 |
|a RU
|b 63413507
|c 20190924
|g RCR
|
| 942 |
|
|
|c BK
|